000
00285nam a22001337a 4500
020
_a
81-86332-41-3
082
_a
080
_b
MAT/B
100
_a
KUMAR, HEMANT
245
_a
BOOK OF BABY NAMES
260
_a
DELHI
_b
NEW LIGHT PUBLISHERS
300
_a
162
520
_a
BABY NAMES
942
_c
BK
999
_c
6770
_d
6770